| 000 | 00000nam##2200000za#4500 |
| 001 | 9.579533 |
| 003 | CaOODSP |
| 005 | 20210624190616 |
| 007 | cr ||||||||||| |
| 008 | 150406|1994||||xxc|||||o f|0| 0 eng|d |
| 022 | |a1488-5387 |
| 040 | |aCaOODSP|beng |
| 043 | |an-cn--- |
| 086 | 1 |aFs97-4/2241E-PDF |
| 110 | 1 |aCanada. |bDepartment of Fisheries and Oceans. |
| 245 | 12|aA coded wire tag assessment of Salmon River (Langley) coho salmon : |h[electronic resource]|b1992 tag application and 1993-1994 spawner enumeration / |cby N.D. Schubert, M.K. Farwell and L.W. Kalnin. |
| 260 | |aNew Westminster - British Columbia : |bFisheries and Oceans Canada |c1994. |
| 300 | |a42p.|bfigs., references, tables |
| 490 | 1 |aCanadian manuscript report of fisheries and aquatic sciences|x1488-5387|vNo. 2241 |
| 500 | |aOn t. p. : Operations Branch, New Westminster, B.C. The catalogue number and ISSN for the print edition appear in the PDF version. |
| 546 | |a(Résumés en français) |
| 590 | |a14-09-Supp|b2014-04-23 |
| 720 | 1 |aFarwell, M. K. |
| 720 | 1 |aKalnin, L. W. |
| 720 | 1 |aSchubert, N. D. |
| 830 | #0|aCanadian manuscript report of fisheries and aquatic sciences,|x1488-5387|vNo. 2241|w(CaOODSP)9.505211 |
| 856 | 40|ahttp://publications.gc.ca|qPDF|s1833 KB|uhttps://publications.gc.ca/collections/collection_2014/mpo-dfo/Fs97-4-2241-eng.pdf|yNo. 2241 |